00380nam a2200157Ia 4500008004100000020001500041082001300056100001800069245003900087250000800126260003000134300000900164500002400173650001400197700001100211230524s9999 xx 000 0 und d a8121902630 a546bPRA aSatya Prakash 0aAdvance In Organic Chemistry Vol-1 a4TH aNEW DELHIbS. Chandc2004 a1157 aQuantity Number: 2 aChemistry a. Atal